Press and media laws : (Record no. 139159)

MARC details
000 -LEADER
fixed length control field 00626nam a22001817a 4500
005 - DATE AND TIME OF LATEST TRANSACTION
control field 20170421112757.0
010 ## - LCCN (DPL NO)
LC control number ENG-117908
020 ## - INTERNATIONAL STANDARD BOOK NUMBER
Terms of availability 1180.00
International Standard Book Number 9788184846188
035 ## - SYSTEM CONTROL NUMBER
System control number EN-101440
037 ## - SOURCE OF ACQUISITION
Source of stock number/acquisition DBAD/PUB
100 ## - MAIN ENTRY--PERSONAL NAME
Personal name Sethy,Nilanchala
245 ## - TITLE STATEMENT
Title Press and media laws :
Statement of responsibility, etc by Michiel Hazewinkel
Remainder of title its impact on the administration of justice /
260 ## - PUBLICATION, DISTRIBUTION, ETC. (IMPRINT)
Place of publication, distribution, etc New Delhi
Name of publisher, distributor, etc Rahul Composers
Date of publication, distribution, etc 2017
270 ## - ADDRESS
Address New Highway Apartments, Lakshmi Niwas 760,Pocket-D, Lok Nayak Puram,
City New Delhi
Postal code 110041
300 ## - PHYSICAL DESCRIPTION
Extent xii,276p.
Dimensions 21cm(Hb)
500 ## - GENERAL NOTE
General note Includes index
942 ## - ADDED ENTRY ELEMENTS (KOHA)
Source of classification or shelving scheme Dewey Decimal Classification
Item type English Books
Classification part 343.54099
Call number suffix SET
Holdings
Withdrawn status Lost status Not for loan Collection code Home library Current library Date acquired Source of acquisition Cost, normal purchase price Full call number Barcode Copy number Cost, replacement price Koha item type
    Not For Loan Non-fiction D.B.Act.Division Bawana 21/04/2017 DBAD/PUB. 1180.00 343.54099 SET EN-101440 1 1180.00 English Books

© Delhi Public Library
Hit Counter
free hit counter